[Event "Thessaloniki-Chalkidiki-chT B local"]
[Site "Thessaloniki"]
[Date "2019.03.03"]
[Round "7.3"]
[White "Tsolakos, Panagiotis"]
[Black "Valaroutsos, Kiparissis"]
[Result "1-0"]
[WhiteElo "1797"]
[BlackElo "1394"]
[PlyCount "31"]
[EventDate "2019.01.13"]
[EventType "team-swiss"]
[EventRounds "9"]
[EventCountry "GRE"]
[SourceTitle "EXT 2020"]
[Source "ChessBase"]
[SourceDate "2019.10.17"]
[SourceVersion "1"]
[SourceVersionDate "2019.10.17"]
[SourceQuality "1"]

1. d4 e6 2. Bf4 f5 3. e3 Nf6 4. Nf3 Be7 5. h3 d6 6. Bc4 Nc6 7. a3 Ne4 8. Nbd2 h6 9. Ba2 Bf6 10. Nxe4 fxe4 11. Nd2 d5 12. c4 e5 13. dxe5 Bxe5 14. cxd5 Bxf4 15. dxc6 Bxe3 16. Qh5+ 1-0

[Event "Mem Stavros Psomiadis"]
[Site "Thessaloniki"]
[Date "2016.11.21"]
[Round "2.1"]
[White "Mourelatos, Ilias"]
[Black "Tsolakos, Panagiotis"]
[Result "1-0"]
[WhiteElo "2126"]
[BlackElo "1849"]
[PlyCount "55"]
[EventDate "2016.11.14"]
[EventType "swiss"]
[EventRounds "6"]
[EventCountry "GRE"]
[SourceTitle "EXT 2024"]
[Source "ChessBase"]
[SourceDate "2023.10.10"]
[SourceVersion "1"]
[SourceVersionDate "2023.10.10"]
[SourceQuality "1"]

1. e4 e6 2. b3 b6 3. Bb2 Bb7 4. Nc3 c5 5. Nf3 a6 6. Bd3 Nc6 7. 0-0 b5 8. Re1 d6 9. a4 b4 10. Ne2 e5 11. Ng3 g6 12. Bc4 h5 13. d3 Bh6 14. h4 Bc8 15. Bd5 Nge7 16. d4 cxd4 17. Bc1 Bxc1 18. Qxc1 Nxd5 19. exd5 Ne7 20. Qg5 Nf5 21. Nxe5 Qxg5 22. Nc6+ Qe7 23. Nxf5 Qxe1+ 24. Rxe1+ Be6 25. Nfxd4 Kd7 26. dxe6+ fxe6 27. Rxe6 Rhg8 28. Re7+ 1-0